<?xml version="1.0" encoding="UTF-8"?><marc:collection xmlns:marc="http://www.loc.gov/MARC21/slim">
  <marc:record>
    <marc:leader>02621nas a2200517 c 4500</marc:leader>
    <marc:controlfield tag="001">010060499</marc:controlfield>
    <marc:controlfield tag="003">DE-101</marc:controlfield>
    <marc:controlfield tag="005">20250507210214.0</marc:controlfield>
    <marc:controlfield tag="006">sm</marc:controlfield>
    <marc:controlfield tag="007">tu</marc:controlfield>
    <marc:controlfield tag="008">991118d19041921xx w||n|  ||| 0||||1ger c</marc:controlfield>
    <marc:datafield tag="016" ind1="7" ind2=" ">
      <marc:subfield code="2">DE-600</marc:subfield>
      <marc:subfield code="a">957127-9</marc:subfield>
    </marc:datafield>
    <marc:datafield tag="016" ind1="7" ind2=" ">
      <marc:subfield code="2">DE-101</marc:subfield>
      <marc:subfield code="a">010060499</marc:subfield>
    </marc:datafield>
    <marc:datafield tag="035" ind1=" " ind2=" ">
      <marc:subfield code="a">(DE-599)ZDB957127-9</marc:subfield>
    </marc:datafield>
    <marc:datafield tag="035" ind1=" " ind2=" ">
      <marc:subfield code="a">(OCoLC)643785214</marc:subfield>
    </marc:datafield>
    <marc:datafield tag="040" ind1=" " ind2=" ">
      <marc:subfield code="a">9001</marc:subfield>
      <marc:subfield code="b">ger</marc:subfield>
      <marc:subfield code="c">DE-101</marc:subfield>
      <marc:subfield code="d">9999</marc:subfield>
    </marc:datafield>
    <marc:datafield tag="041" ind1=" " ind2=" ">
      <marc:subfield code="a">ger</marc:subfield>
    </marc:datafield>
    <marc:datafield tag="042" ind1=" " ind2=" ">
      <marc:subfield code="a">zdb</marc:subfield>
    </marc:datafield>
    <marc:datafield tag="044" ind1=" " ind2=" ">
      <marc:subfield code="c">XA-DXDE</marc:subfield>
      <marc:subfield code="c">XA-DE</marc:subfield>
    </marc:datafield>
    <marc:datafield tag="082" ind1="7" ind2="4">
      <marc:subfield code="a">070</marc:subfield>
      <marc:subfield code="a">630</marc:subfield>
      <marc:subfield code="a">640</marc:subfield>
      <marc:subfield code="q">DE-600</marc:subfield>
      <marc:subfield code="2">22sdnb</marc:subfield>
    </marc:datafield>
    <marc:datafield tag="090" ind1=" " ind2=" ">
      <marc:subfield code="n">az</marc:subfield>
      <marc:subfield code="n">ft</marc:subfield>
    </marc:datafield>
    <marc:datafield tag="245" ind1="0" ind2="0">
      <marc:subfield code="a">Bayerische Molkerei-Zeitung</marc:subfield>
      <marc:subfield code="b">Bayerischer Senn und Landwirtschaftlicher Anzeiger ; vereinigt mit der Allgemeinen Molkerei-Zeitung, Stuttgart ; Wochenschrift für Milchwirtschaft, Molkereiwesen, Käserei, Viehzucht, Futterbau und Agrarwirtschaft ; amtliches Organ des Registergerichts Kempten ; Organ des Milchwirtschaftlichen Verein im Allgäu</marc:subfield>
    </marc:datafield>
    <marc:datafield tag="246" ind1="3" ind2=" ">
      <marc:subfield code="a">Bayerischer Senn und Landwirtschaftlicher Anzeiger</marc:subfield>
    </marc:datafield>
    <marc:datafield tag="246" ind1="3" ind2=" ">
      <marc:subfield code="a">Wochenschrift für Milchwirtschaft, Molkereiwesen, Käserei, Viehzucht, Futterbau und Agrarwirtschaft</marc:subfield>
    </marc:datafield>
    <marc:datafield tag="264" ind1="3" ind2="1">
      <marc:subfield code="a">München</marc:subfield>
      <marc:subfield code="b">Volkswirtschaftl. Verl. Kurz</marc:subfield>
      <marc:subfield code="c">1904-1921</marc:subfield>
    </marc:datafield>
    <marc:datafield tag="264" ind1="2" ind2="1">
      <marc:subfield code="3">anfangs</marc:subfield>
      <marc:subfield code="a">München</marc:subfield>
      <marc:subfield code="b">Lohner</marc:subfield>
    </marc:datafield>
    <marc:datafield tag="264" ind1="2" ind2="1">
      <marc:subfield code="3">-1913,26</marc:subfield>
      <marc:subfield code="a">München</marc:subfield>
      <marc:subfield code="b">Mayer</marc:subfield>
    </marc:datafield>
    <marc:datafield tag="264" ind1="2" ind2="1">
      <marc:subfield code="3">1913,27-</marc:subfield>
      <marc:subfield code="a">München</marc:subfield>
      <marc:subfield code="b">Eger</marc:subfield>
    </marc:datafield>
    <marc:datafield tag="336" ind1=" " ind2=" ">
      <marc:subfield code="a">Text</marc:subfield>
      <marc:subfield code="b">txt</marc:subfield>
      <marc:subfield code="2">rdacontent</marc:subfield>
    </marc:datafield>
    <marc:datafield tag="337" ind1=" " ind2=" ">
      <marc:subfield code="a">ohne Hilfsmittel zu benutzen</marc:subfield>
      <marc:subfield code="b">n</marc:subfield>
      <marc:subfield code="2">rdamedia</marc:subfield>
    </marc:datafield>
    <marc:datafield tag="338" ind1=" " ind2=" ">
      <marc:subfield code="a">Band</marc:subfield>
      <marc:subfield code="b">nc</marc:subfield>
      <marc:subfield code="2">rdacarrier</marc:subfield>
    </marc:datafield>
    <marc:datafield tag="362" ind1="0" ind2=" ">
      <marc:subfield code="a">25.1904 - 42.1921,26</marc:subfield>
    </marc:datafield>
    <marc:datafield tag="363" ind1="0" ind2="0">
      <marc:subfield code="8">1.1\x</marc:subfield>
      <marc:subfield code="a">25</marc:subfield>
      <marc:subfield code="i">1904</marc:subfield>
    </marc:datafield>
    <marc:datafield tag="363" ind1="1" ind2="0">
      <marc:subfield code="8">1.2\x</marc:subfield>
      <marc:subfield code="a">42</marc:subfield>
      <marc:subfield code="b">26</marc:subfield>
      <marc:subfield code="i">1921</marc:subfield>
    </marc:datafield>
    <marc:datafield tag="500" ind1=" " ind2=" ">
      <marc:subfield code="a">Zusatz wechselt</marc:subfield>
    </marc:datafield>
    <marc:datafield tag="515" ind1=" " ind2=" ">
      <marc:subfield code="a">Periodizität: wöchentl.; anfangs: monatl.</marc:subfield>
    </marc:datafield>
    <marc:datafield tag="550" ind1=" " ind2=" ">
      <marc:subfield code="a">Verantw. Red.: August Auzinger; bis 1904: Franz Lohner; 1905-1910: Friedrich Engelhard; 1916-1919: H. Haertl</marc:subfield>
    </marc:datafield>
    <marc:datafield tag="591" ind1=" " ind2=" ">
      <marc:subfield code="a">(üa/Z)</marc:subfield>
    </marc:datafield>
    <marc:datafield tag="655" ind1=" " ind2="7">
      <marc:subfield code="0">(DE-588)4067510-5</marc:subfield>
      <marc:subfield code="0">https://d-nb.info/gnd/4067510-5</marc:subfield>
      <marc:subfield code="0">(DE-101)040675106</marc:subfield>
      <marc:subfield code="a">Zeitung</marc:subfield>
      <marc:subfield code="2">gnd-content</marc:subfield>
    </marc:datafield>
    <marc:datafield tag="655" ind1=" " ind2="7">
      <marc:subfield code="0">(DE-588)4142761-0</marc:subfield>
      <marc:subfield code="0">https://d-nb.info/gnd/4142761-0</marc:subfield>
      <marc:subfield code="0">(DE-101)041427610</marc:subfield>
      <marc:subfield code="a">Anzeigenblatt</marc:subfield>
      <marc:subfield code="2">gnd-content</marc:subfield>
    </marc:datafield>
    <marc:datafield tag="751" ind1=" " ind2=" ">
      <marc:subfield code="0">(DE-588)4127793-4</marc:subfield>
      <marc:subfield code="0">https://d-nb.info/gnd/4127793-4</marc:subfield>
      <marc:subfield code="0">(DE-101)041277937</marc:subfield>
      <marc:subfield code="a">München</marc:subfield>
      <marc:subfield code="e">Verbreitungsort</marc:subfield>
      <marc:subfield code="4">dbp</marc:subfield>
      <marc:subfield code="2">gnd</marc:subfield>
    </marc:datafield>
    <marc:datafield tag="751" ind1=" " ind2=" ">
      <marc:subfield code="0">(DE-588)4058282-6</marc:subfield>
      <marc:subfield code="0">https://d-nb.info/gnd/4058282-6</marc:subfield>
      <marc:subfield code="0">(DE-101)040582825</marc:subfield>
      <marc:subfield code="a">Stuttgart</marc:subfield>
      <marc:subfield code="e">Verbreitungsort</marc:subfield>
      <marc:subfield code="4">dbp</marc:subfield>
      <marc:subfield code="2">gnd</marc:subfield>
    </marc:datafield>
    <marc:datafield tag="780" ind1="0" ind2="0">
      <marc:subfield code="i">Vorg.:</marc:subfield>
      <marc:subfield code="t">&#152;Der&#156; bayerische Senn</marc:subfield>
      <marc:subfield code="d">München : Mayer, 1880-1903</marc:subfield>
      <marc:subfield code="w">(DE-600)1248671-1</marc:subfield>
      <marc:subfield code="w">(DE-101)017708451</marc:subfield>
    </marc:datafield>
    <marc:datafield tag="780" ind1="0" ind2="0">
      <marc:subfield code="i">Darin aufgeg.</marc:subfield>
      <marc:subfield code="t">Allgemeine Molkereizeitung</marc:subfield>
      <marc:subfield code="d">Stuttgart : [Verlag nicht ermittelbar], 1888-1913</marc:subfield>
      <marc:subfield code="w">(DE-600)125431-5</marc:subfield>
      <marc:subfield code="w">(DE-101)010708804</marc:subfield>
    </marc:datafield>
    <marc:datafield tag="785" ind1="0" ind2="0">
      <marc:subfield code="i">Forts.:</marc:subfield>
      <marc:subfield code="t">Süddeutsche Molkerei-Zeitung</marc:subfield>
      <marc:subfield code="d">Kempten, Allgäu : Volkswirtschaftl. Verl., 1921-1951</marc:subfield>
      <marc:subfield code="x">0370-9396</marc:subfield>
      <marc:subfield code="w">(DE-600)243261-4</marc:subfield>
      <marc:subfield code="w">(DE-101)011471506</marc:subfield>
    </marc:datafield>
    <marc:datafield tag="850" ind1=" " ind2=" ">
      <marc:subfield code="a">DE-101a</marc:subfield>
    </marc:datafield>
  </marc:record>
</marc:collection>
